000 00309nam a22001217a 4500
008 181207b xxu||||| |||| 00| 0 eng d
041 _aeng
080 _24 th
_a101
100 _a25
101 _afil
245 _aDiscourse On Method And Meditations On First Philosophy
_cCress.D A
942 _2udc
_cBK
999 _c53045
_d53045